| 000 | 00682nam a2200229 a 4500 | ||
|---|---|---|---|
| 001 | BRCA_7116 | ||
| 005 | 20190321142929.0 | ||
| 008 | 291211s1927----gw-#######---#000-0#ger-# | ||
| 041 | _ager | ||
| 044 | _agw | ||
| 050 | 4 | _b.M34 1927 | |
| 245 | 1 | 0 |
_aMagnum Opus _bZeitschrift für Psychosynthese |
| 260 |
_aFriburgo, Alemania _bMagnum Opus Verlag / Chr. G. Möbus _c1927 |
||
| 300 |
_a368 p. (v. 2) _c20 cm. |
||
| 500 | _aLa biblioteca solo cuenta con el v. 2 | ||
| 500 | _aEjemplar con dedicatoria a Franz Mayer | ||
| 500 | _aEstado físico: la cubierta posterior se esta desprendiendo | ||
| 500 | _aO134 | ||
| 650 | 1 | 4 |
_aMisticismo _917692 |
| 902 | _aGFM | ||
| 942 |
_2lcc _cB |
||
| 999 |
_c6797 _d6797 |
||